<?xml version="1.0" encoding="UTF-8"?>
<record
    xmlns:xsi="http://www.w3.org/2001/XMLSchema-instance"
    xsi:schemaLocation="http://www.loc.gov/MARC21/slim http://www.loc.gov/standards/marcxml/schema/MARC21slim.xsd"
    xmlns="http://www.loc.gov/MARC21/slim">

  <leader>02187    a2200241   4500</leader>
  <controlfield tag="003">NALT</controlfield>
  <controlfield tag="005">20260122143908.0</controlfield>
  <controlfield tag="008">231115b        th ||||| |||| 00| 0 tha d</controlfield>
  <datafield tag="020" ind1=" " ind2=" ">
    <subfield code="a">9786163022158</subfield>
  </datafield>
  <datafield tag="040" ind1=" " ind2=" ">
    <subfield code="a">NALT</subfield>
  </datafield>
  <datafield tag="100" ind1="0" ind2=" ">
    <subfield code="a">&#xE1E;&#xE23;&#xE40;&#xE17;&#xE1E; &#xE09;&#xE31;&#xE19;&#xE17;&#xE19;&#xE32;&#xE27;&#xE35;.</subfield>
    <subfield code="9">62120</subfield>
  </datafield>
  <datafield tag="245" ind1="1" ind2="0">
    <subfield code="a">101 &#xE01;&#xE32;&#xE23;&#xE1E;&#xE31;&#xE12;&#xE19;&#xE32;&#xE1A;&#xE38;&#xE04;&#xE04;&#xE25;&#xE32;&#xE01;&#xE23; &#xE01;&#xE25;&#xE38;&#xE48;&#xE21; Old-Age /</subfield>
    <subfield code="c">&#xE42;&#xE14;&#xE22; &#xE1E;&#xE23;&#xE40;&#xE17;&#xE1E; &#xE09;&#xE31;&#xE19;&#xE17;&#xE19;&#xE32;&#xE27;&#xE35;, &#xE01;&#xE2D;&#xE07;&#xE1A;&#xE23;&#xE23;&#xE13;&#xE32;&#xE18;&#xE34;&#xE01;&#xE32;&#xE23;, &#xE28;&#xE28;&#xE34;&#xE1E;&#xE34;&#xE19;&#xE17;&#xE38;&#xE4C; &#xE2D;&#xE38;&#xE29;&#xE13;&#xE35;&#xE22;&#xE4C;&#xE21;&#xE32;&#xE28;.</subfield>
    <subfield code="h">[electronic resource]</subfield>
    <subfield code="p">   </subfield>
  </datafield>
  <datafield tag="260" ind1=" " ind2=" ">
    <subfield code="a">&#xE01;&#xE23;&#xE38;&#xE07;&#xE40;&#xE17;&#xE1E;&#xE2F; :</subfield>
    <subfield code="b">&#xE18;&#xE23;&#xE23;&#xE21;&#xE19;&#xE34;&#xE15;&#xE34;,</subfield>
    <subfield code="c">2564.</subfield>
  </datafield>
  <datafield tag="300" ind1=" " ind2=" ">
    <subfield code="a">Online resource</subfield>
  </datafield>
  <datafield tag="520" ind1=" " ind2=" ">
    <subfield code="a">&#xE01;&#xE25;&#xE38;&#xE48;&#xE21; Old-Age &#xE15;&#xE32;&#xE21;&#xE23;&#xE2B;&#xE31;&#xE2A;&#xE25;&#xE31;&#xE1A;&#xE02;&#xE2D;&#xE07;&#xE2B;&#xE19;&#xE31;&#xE07;&#xE2A;&#xE37;&#xE2D;&#xE0A;&#xE38;&#xE14; &#x201C;It&#x2019;s OK : &#xE23;&#xE2B;&#xE31;&#xE2A;&#xE25;&#xE31;&#xE1A;&#xE1E;&#xE31;&#xE12;&#xE19;&#xE32; &#xE1A;&#xE38;&#xE04;&#xE25;&#xE32;&#xE01;&#xE23;&#x201D;  &#xE08;&#xE30;&#xE2B;&#xE21;&#xE32;&#xE22;&#xE16;&#xE36;&#xE07; &#xE1E;&#xE19;&#xE31;&#xE01;&#xE07;&#xE32;&#xE19;&#xE43;&#xE01;&#xE25;&#xE49;&#xE40;&#xE01;&#xE29;&#xE35;&#xE22;&#xE13; &#xE0B;&#xE36;&#xE48;&#xE07;&#xE40;&#xE1B;&#xE47;&#xE19;&#xE1A;&#xE38;&#xE04;&#xE25;&#xE32;&#xE01;&#xE23;&#xE2D;&#xE31;&#xE19;&#xE17;&#xE23;&#xE07;&#xE04;&#xE38;&#xE13;&#xE04;&#xE48;&#xE32; &#xE40;&#xE23;&#xE35;&#xE22;&#xE01;&#xE44;&#xE14;&#xE49;&#xE27;&#xE48;&#xE32;&#xE40;&#xE1B;&#xE47;&#xE19; The Master &#xE02;&#xE2D;&#xE07;&#xE2D;&#xE07;&#xE04;&#xE4C;&#xE01;&#xE23; &#xE1D;&#xE48;&#xE32;&#xE22;&#xE1C;&#xE39;&#xE49;&#xE1A;&#xE23;&#xE34;&#xE2B;&#xE32;&#xE23; &#xE41;&#xE25;&#xE30; HR &#xE04;&#xE27;&#xE23;&#xE08;&#xE31;&#xE14;&#xE01;&#xE32;&#xE23;&#xE1D;&#xE36;&#xE01;&#xE2D;&#xE1A;&#xE23;&#xE21; &#x201C;&#xE17;&#xE31;&#xE01;&#xE29;&#xE30;&#xE43;&#xE19;&#xE01;&#xE32;&#xE23;&#xE2A;&#xE2D;&#xE19;&#x201D; &#xE2B;&#xE23;&#xE37;&#xE2D; &#x201C;&#xE01;&#xE32;&#xE23;&#xE42;&#xE04;&#xE49;&#xE0A;&#xE1C;&#xE39;&#xE49;&#xE2D;&#xE37;&#xE48;&#xE19;&#x201D; &#xE43;&#xE2B;&#xE49;&#xE01;&#xE31;&#xE1A;&#xE1A;&#xE38;&#xE04;&#xE04;&#xE25;&#xE32;&#xE01;&#xE23;&#xE01;&#xE25;&#xE38;&#xE48;&#xE21;&#xE19;&#xE35;&#xE49; &#xE40;&#xE1E;&#xE37;&#xE48;&#xE2D;&#xE14;&#xE36;&#xE07;&#xE40;&#xE2D;&#xE32;&#xE04;&#xE27;&#xE32;&#xE21;&#xE23;&#xE39;&#xE49; &#xE40;&#xE17;&#xE04;&#xE19;&#xE34;&#xE04; &#xE40;&#xE04;&#xE25;&#xE47;&#xE14;&#xE25;&#xE31;&#xE1A; &#xE02;&#xE2D;&#xE07;&#xE1E;&#xE27;&#xE01;&#xE40;&#xE02;&#xE32; &#xE19;&#xE33;&#xE21;&#xE32;&#xE16;&#xE48;&#xE32;&#xE22;&#xE17;&#xE2D;&#xE14;&#xE04;&#xE27;&#xE32;&#xE21;&#xE23;&#xE39;&#xE49;&#xE41;&#xE25;&#xE30;&#xE1B;&#xE23;&#xE30;&#xE2A;&#xE1A;&#xE01;&#xE32;&#xE23;&#xE13;&#xE4C; &#xE40;&#xE1E;&#xE37;&#xE48;&#xE2D;&#xE2A;&#xE48;&#xE07;&#xE15;&#xE48;&#xE2D;&#xE17;&#xE32;&#xE22;&#xE32;&#xE17;&#xE2B;&#xE23;&#xE37;&#xE2D;&#xE1C;&#xE39;&#xE49;&#xE2A;&#xE37;&#xE1A;&#xE17;&#xE2D;&#xE14; &#xE2D;&#xE31;&#xE19;&#xE08;&#xE30;&#xE17;&#xE33;&#xE43;&#xE2B;&#xE49;&#xE40;&#xE01;&#xE34;&#xE14;&#xE1B;&#xE23;&#xE30;&#xE42;&#xE22;&#xE0A;&#xE19;&#xE4C;&#xE15;&#xE48;&#xE2D;&#xE2D;&#xE07;&#xE04;&#xE4C;&#xE01;&#xE23;.</subfield>
  </datafield>
  <datafield tag="650" ind1=" " ind2="4">
    <subfield code="9">9621</subfield>
    <subfield code="a">&#xE01;&#xE32;&#xE23;&#xE1E;&#xE31;&#xE12;&#xE19;&#xE32;&#xE1A;&#xE38;&#xE04;&#xE25;&#xE32;&#xE01;&#xE23;</subfield>
  </datafield>
  <datafield tag="650" ind1=" " ind2="4">
    <subfield code="9">29802</subfield>
    <subfield code="a">&#xE01;&#xE32;&#xE23;&#xE1E;&#xE31;&#xE12;&#xE19;&#xE32;&#xE17;&#xE23;&#xE31;&#xE1E;&#xE22;&#xE32;&#xE01;&#xE23;&#xE21;&#xE19;&#xE38;&#xE29;&#xE22;&#xE4C;</subfield>
  </datafield>
  <datafield tag="700" ind1="0" ind2=" ">
    <subfield code="9">61958</subfield>
    <subfield code="a">&#xE28;&#xE28;&#xE34;&#xE1E;&#xE34;&#xE19;&#xE17;&#xE38;&#xE4C; &#xE2D;&#xE38;&#xE29;&#xE13;&#xE35;&#xE22;&#xE4C;&#xE21;&#xE32;&#xE28;.</subfield>
  </datafield>
  <datafield tag="850" ind1=" " ind2=" ">
    <subfield code="a">NALT</subfield>
  </datafield>
  <datafield tag="856" ind1="4" ind2="0">
    <subfield code="u">https://ebook.parliament.go.th/ebookall/detail/431867</subfield>
    <subfield code="z">E-Book</subfield>
  </datafield>
  <datafield tag="942" ind1=" " ind2=" ">
    <subfield code="2">lcc</subfield>
    <subfield code="c">EBK</subfield>
  </datafield>
  <datafield tag="996" ind1=" " ind2=" ">
    <subfield code="a">jamriang.p</subfield>
    <subfield code="b">CATSTF	</subfield>
    <subfield code="c">2023-11-15</subfield>
  </datafield>
  <datafield tag="999" ind1=" " ind2=" ">
    <subfield code="c">102533</subfield>
    <subfield code="d">102533</subfield>
  </datafield>
  <datafield tag="998" ind1=" " ind2=" ">
    <subfield code="j">1020</subfield>
    <subfield code="k"> &#xE19;&#xE32;&#xE07;&#xE08;&#xE33;&#xE40;&#xE23;&#xE35;&#xE22;&#xE07;  &#xE23;&#xE30;&#xE27;&#xE31;&#xE07;&#xE2A;&#xE33;&#xE42;&#xE23;&#xE07;</subfield>
  </datafield>
  <datafield tag="952" ind1=" " ind2=" ">
    <subfield code="0">0</subfield>
    <subfield code="1">0</subfield>
    <subfield code="2">lcc</subfield>
    <subfield code="4">0</subfield>
    <subfield code="7">0</subfield>
    <subfield code="8">CERS</subfield>
    <subfield code="a">NALT</subfield>
    <subfield code="b">NALT</subfield>
    <subfield code="c">ONLINE</subfield>
    <subfield code="d">2023-09-29</subfield>
    <subfield code="e">191</subfield>
    <subfield code="r">2023-09-29 00:00:00</subfield>
    <subfield code="y">EBK</subfield>
  </datafield>
</record>
